| 000 | 00485cam a2200181 4500 | ||
|---|---|---|---|
| 008 | 090526n 000 0 eng u | ||
| 020 | _a0911560025 | ||
| 035 | _a(Sirsi) a165572 | ||
| 040 | _aCIP | ||
| 050 | _aBP 605 URA 1955 | ||
| 110 | _aUrantia Foundation | ||
| 245 |
_aThe Urantia Book/ _cUrantia Foundation |
||
| 250 | _a4th edition | ||
| 260 |
_aChicago,USA: _bUrantia Foundation, _c1955 |
||
| 300 | _alxvi, 2097p. | ||
| 500 | _aNotes contact details | ||
| 650 | _aUrantia | ||
| 999 |
_c111310 _d111310 |
||